| 000 | 01203cam a2200313 a 4500 | ||
|---|---|---|---|
| 001 | 14786996 | ||
| 005 | 20170105102842.0 | ||
| 008 | 070328s2008 mauab b 001 0 eng | ||
| 010 | _a 2007925760 | ||
| 020 | _a9780618783502 | ||
| 020 | _a0618783504 | ||
| 040 |
_aDLC _cDLC _dDLC |
||
| 050 | 0 | 0 |
_aJZ1242 _b.S545 2008 |
| 082 | _a327 | ||
| 100 | 1 |
_aShimko, Keith L., _d1962- |
|
| 245 | 1 | 0 |
_aInternational relations : _bperspectives and controversies / _cKeith L. Shimko. |
| 250 | _a2nd ed. | ||
| 260 |
_aBoston : _bHoughton Mifflin, _cc2008. |
||
| 300 |
_axiii, 386 p. : _bill., maps ; _c24 cm. |
||
| 504 | _aIncludes bibliographical references and index. | ||
| 650 | 0 |
_aInternational relations _vTextbooks. |
|
| 856 | 4 | 2 |
_3Contributor biographical information _uhttp://www.loc.gov/catdir/enhancements/fy1303/2007925760-b.html |
| 856 | 4 | 2 |
_3Publisher description _uhttp://www.loc.gov/catdir/enhancements/fy1303/2007925760-d.html |
| 856 | 4 | 1 |
_3Table of contents only _uhttp://www.loc.gov/catdir/enhancements/fy1303/2007925760-t.html |
| 906 |
_a7 _bcbc _corigcop _d2 _eepcn _f20 _gy-gencatlg |
||
| 942 |
_2ddc _cBK |
||
| 999 |
_c13910 _d13910 |
||